000 00352nam a2200133 i 4500
001 bg
100 1 _aKIERZKOWSKI, Zbigniew
245 0 _aAlgorytmy obliczeń elektroenergetycznych na maszynach cyfrowych /
_cZbigniew Kierzkowski.
260 _aWarszawa.
040 _cBPK
041 _apol
942 _cKS
008 s pl f |000 0 pol
999 _c22776
_d22776
856 _uhttp://koha.tu.koszalin.pl/cgi-bin/koha/opac-detail.pl?biblionumber=22776
_yKatalog online BPK